000 00644nam a2200193 i 4500
001 58174
003 ES-MaACL
005 20230906163737.0
007 t|
008 031021s1961 sp ||||1| spa d
100 1 _aDue Rojo, Antonio.
_945872
245 1 3 _aEl mundo de los mares
_b: conquistas de la oceanografía moderna /
_cpor Antonio Due Rojo.
260 _aMadrid :
_bRazón y Fé,
_c[1961]
300 _a191 p. ;
_c18 cm.
490 1 _aBiblioteca razón y fe de cuestiones actuales ;
_v47
830 0 _aBiblioteca razón y fe de cuestiones actuales ;
_v47
_9182379
852 _aES-MaACL
_jC-21108
_bR.49180
999 _c58174
_d58174